| 000 | 00691cab a2200229 4500 | ||
|---|---|---|---|
| 001 | WB3116-46 | ||
| 008 | 090401t1995 xxu||||| |||| 00| 0 eng d | ||
| 035 | _a(Sirsi) u57552 | ||
| 041 | _aeng | ||
| 245 | _aWater quality undermined | ||
| 260 | _c1995 | ||
| 350 | _a0 | ||
| 490 |
_aScotsman _v24 April 1995, 2(1) |
||
| 520 | _aCollapse of the mining industry in central Scotland is causing mounting environmental problems due to water leaking from disused mines into rivers. | ||
| 650 | _aDISUSED MINES | ||
| 650 | _aMINEWATER POLLUTION | ||
| 650 | _aPOLLUTION | ||
| 650 | _aWATER POLLUTION | ||
| 690 | _aENVIRONMENTAL AND LAND CONSULTANCY | ||
| 942 | _n0 | ||
| 948 | _c04/03/1997 | ||
| 999 |
_c35110 _d35110 |
||